[Event "Moravia-Silesia Region-chT 2223"]
[Site "Czech Republic"]
[Date "2023.03.19"]
[Round "10"]
[White "Janyska, Pavel"]
[Black "Olsar, Robin"]
[Result "1-0"]
[WhiteElo "2117"]
[BlackElo "2023"]
[PlyCount "75"]
[EventDate "2022.10.09"]
[EventType "team-tourn"]
[EventRounds "11"]
[EventCountry "CZE"]
[SourceTitle "EXT 2024"]
[Source "ChessBase"]
[SourceDate "2023.10.10"]
[SourceVersion "1"]
[SourceVersionDate "2023.10.10"]
[SourceQuality "1"]
[WhiteTeam "Bruntal"]
[BlackTeam "Opava Slezan"]
[WhiteTeamCountry "CZE"]
[BlackTeamCountry "CZE"]

1. e4 c5 2. Nc3 d6 3. f4 g6 4. Nf3 Bg7 5. Bb5+ Bd7 6. Bxd7+ Qxd7 7. 0-0 Nc6 8. d3 Nf6 9. h3 0-0 10. Nh4 d5 11. e5 Ne8 12. Qf3 Nc7 13. Qg3 b5 14. Nd1 f6 15. f5 fxe5 16. fxg6 Rxf1+ 17. Kxf1 Rf8+ 18. Kg1 Nd4 19. gxh7+ Kxh7 20. Qg6+ Kg8 21. Bh6 Ne8 22. Bxg7 Nxg7 23. Ne3 Qd6 24. Qxd6 exd6 25. Re1 Rf4 26. Ng6 Rf7 27. c3 Kh7 28. Nxe5 dxe5 29. cxd4 exd4 30. Nxd5 c4 31. Re4 Nf5 32. dxc4 bxc4 33. Rf4 d3 34. Kf2 Kg6 35. g4 Nd4 36. Rxf7 d2 37. Nc3 Kxf7 38. Ke3 1-0

[Event "CZE-chT2F 2223"]
[Site "Czech Republic"]
[Date "2023.02.19"]
[Round "9"]
[White "Olsar, Robin"]
[Black "Stanisz, Patryk"]
[Result "0-1"]
[WhiteElo "2011"]
[BlackElo "2117"]
[PlyCount "98"]
[EventDate "2022.10.16"]
[EventType "team-tourn"]
[EventRounds "11"]
[EventCountry "CZE"]
[SourceTitle "EXT 2024"]
[Source "ChessBase"]
[SourceDate "2023.10.10"]
[SourceVersion "1"]
[SourceVersionDate "2023.10.10"]
[SourceQuality "1"]
[WhiteTeam "Dolni Benesov"]
[BlackTeam "Havirov Slovan"]
[WhiteTeamCountry "CZE"]
[BlackTeamCountry "CZE"]

1. e4 c5 2. Nf3 Nc6 3. d4 cxd4 4. Nxd4 Nf6 5. Nc3 e5 6. Ndb5 d6 7. Bg5 a6 8. Na3 b5 9. Nd5 Be7 10. Bxf6 Bxf6 11. c4 b4 12. Nc2 a5 13. Be2 0-0 14. 0-0 Bg5 15. Qd3 Rb8 16. b3 f5 17. Bf3 f4 18. Qe2 Rb7 19. Bg4 g6 20. Bxc8 Qxc8 21. f3 Bd8 22. a3 bxa3 23. Rxa3 g5 24. h3 h5 25. Rf2 Rg7 26. b4 axb4 27. Rb3 g4 28. fxg4 hxg4 29. hxg4 Rxg4 30. Rff3 Rf7 31. Rh3 Rfg7 32. Rh2 Qa6 33. Ndxb4 Qa7+ 34. Kf1 Nd4 35. Nxd4 Qa1+ 36. Qe1 Qxd4 37. Rbh3 Qxc4+ 38. Kg1 Ba5 39. Rh8+ Kf7 40. Qa1 Qc5+ 41. Kh1 Qxb4 42. Qa2+ Ke7 43. Re8+ Kxe8 44. Qe6+ Kd8 45. Rh8+ Kc7 46. Qc8+ Kb6 47. Qb8+ Rb7 48. Qd8+ Rc7 49. Qb8+ Kc5 0-1

[Event "Moravia-Silesia Region-chT 2223"]
[Site "Czech Republic"]
[Date "2023.01.29"]
[Round "7"]
[White "Kroliczek, Gabriela"]
[Black "Olsar, Robin"]
[Result "1-0"]
[WhiteElo "1943"]
[BlackElo "2002"]
[PlyCount "81"]
[EventDate "2022.10.09"]
[EventType "team-tourn"]
[EventRounds "11"]
[EventCountry "CZE"]
[SourceTitle "EXT 2024"]
[Source "ChessBase"]
[SourceDate "2023.10.10"]
[SourceVersion "1"]
[SourceVersionDate "2023.10.10"]
[SourceQuality "1"]
[WhiteTeam "Petrovice Inter"]
[BlackTeam "Opava Slezan"]
[WhiteTeamCountry "CZE"]
[BlackTeamCountry "CZE"]

1. e4 c5 2. Nc3 g6 3. d4 Bg7 4. dxc5 Bxc3+ 5. bxc3 Qa5 6. Qd4 Nf6 7. Bd2 Nc6 8. Qe3 b6 9. cxb6 Qxb6 10. Qxb6 axb6 11. Bd3 d6 12. Ne2 0-0 13. 0-0 Be6 14. a4 Ne5 15. Rfb1 Bc4 16. Nc1 d5 17. exd5 Bxd5 18. Rxb6 Nc4 19. Bxc4 Bxc4 20. Nb3 Rfd8 21. Be1 Rdc8 22. Nd4 Nd5 23. Rc6 Rxc6 24. Nxc6 Bb5 25. Nb4 e6 26. a5 Kf8 27. f3 h5 28. Ra3 Ke8 29. Bf2 Kd7 30. Nd3 f6 31. Nc5+ Kd6 32. a6 e5 33. a7 Kc6 34. Nb3 Kc7 35. Na5 Ba6 36. Rb3 Bc8 37. c4 Ne7 38. Bb6+ Kd7 39. Rd3+ Ke6 40. Bc5 Kf7 41. Rb3 1-0

[Event "CZE-chT2F 2223"]
[Site "Czech Republic"]
[Date "2023.01.22"]
[Round "7"]
[White "Hladik, Oto"]
[Black "Olsar, Robin"]
[Result "1/2-1/2"]
[WhiteElo "2116"]
[BlackElo "2011"]
[PlyCount "78"]
[EventDate "2022.10.16"]
[EventType "team-tourn"]
[EventRounds "11"]
[EventCountry "CZE"]
[SourceTitle "EXT 2024"]
[Source "ChessBase"]
[SourceDate "2023.10.10"]
[SourceVersion "1"]
[SourceVersionDate "2023.10.10"]
[SourceQuality "1"]
[WhiteTeam "Ostrava II"]
[BlackTeam "Dolni Benesov"]
[WhiteTeamCountry "CZE"]
[BlackTeamCountry "CZE"]

1. e4 c5 2. Nf3 g6 3. d4 cxd4 4. Nxd4 Nc6 5. Be3 Bg7 6. Nc3 Nf6 7. Bc4 Qa5 8. 0-0 0-0 9. Nb3 Qd8 10. Be2 d6 11. f4 Be6 12. g4 Rc8 13. f5 Bd7 14. g5 Ne8 15. Nd4 Ne5 16. Nd5 Bc6 17. c4 Bxd5 18. cxd5 Nc4 19. Bxc4 Rxc4 20. Rc1 Rxc1 21. Qxc1 Qd7 22. Qc4 a6 23. b3 Bxd4 24. Qxd4 Ng7 25. fxg6 Qg4+ 26. Kh1 fxg6 27. Rxf8+ Kxf8 28. Bd2 Qe2 29. Kg1 Qd1+ 30. Kf2 Qh1 31. Bf4 Kg8 32. Qc4 Nh5 33. Bxd6 exd6 34. Qc8+ Kg7 35. Qxb7+ Kg8 36. Qc8+ Kg7 37. Qd7+ Kg8 38. Qe6+ Kg7 39. Qe7+ Kg8 1/2-1/2

[Event "Moravia-Silesia Region-chT 2223"]
[Site "Czech Republic"]
[Date "2022.12.11"]
[Round "5"]
[White "Olsar, Robin"]
[Black "Weissmann, Lukas"]
[Result "0-1"]
[WhiteElo "2000"]
[BlackElo "2099"]
[PlyCount "84"]
[EventDate "2022.10.09"]
[EventType "team-tourn"]
[EventRounds "11"]
[EventCountry "CZE"]
[SourceTitle "EXT 2024"]
[Source "ChessBase"]
[SourceDate "2023.10.10"]
[SourceVersion "1"]
[SourceVersionDate "2023.10.10"]
[SourceQuality "1"]
[WhiteTeam "Opava Slezan"]
[BlackTeam "Frydek Mistek IV"]
[WhiteTeamCountry "CZE"]
[BlackTeamCountry "CZE"]

1. Nf3 Nf6 2. c4 c5 3. Nc3 d5 4. cxd5 Nxd5 5. g3 Nc6 6. Bg2 Nc7 7. 0-0 e5 8. d3 Be7 9. Be3 Bd7 10. Rc1 0-0 11. a3 Rb8 12. Nd2 Nd4 13. Nc4 f6 14. a4 Be6 15. f4 Nf5 16. Bf2 exf4 17. gxf4 Qd7 18. Ne4 b6 19. Ng3 Rfd8 20. Nxf5 Bxf5 21. Kh1 Bg4 22. Ne3 Be6 23. f5 Bf7 24. Rg1 Nd5 25. Ng4 Kh8 26. Be4 Nf4 27. Bg3 Bd6 28. Qf1 Nd5 29. Qg2 Bxg3 30. Qxg3 Rg8 31. Qh4 Qd6 32. Rcf1 Rge8 33. Rf3 c4 34. Rh3 Bg8 35. Ne3 Nxe3 36. Rxe3 cxd3 37. exd3 Rbc8 38. Reg3 Re7 39. R3g2 Qd4 40. b3 Bxb3 41. Qf4 Bd5 42. Rg4 Qxd3 0-1

[Event "CZE-chT2F 2223"]
[Site "Czech Republic"]
[Date "2022.12.04"]
[Round "4"]
[White "Pilch, Roman"]
[Black "Olsar, Robin"]
[Result "1/2-1/2"]
[WhiteElo "2195"]
[BlackElo "2011"]
[PlyCount "63"]
[EventDate "2022.10.16"]
[EventType "team-tourn"]
[EventRounds "11"]
[EventCountry "CZE"]
[SourceTitle "EXT 2024"]
[Source "ChessBase"]
[SourceDate "2023.10.10"]
[SourceVersion "1"]
[SourceVersionDate "2023.10.10"]
[SourceQuality "1"]
[WhiteTeam "Trinec II"]
[BlackTeam "Dolni Benesov"]
[WhiteTeamCountry "CZE"]
[BlackTeamCountry "CZE"]

1. Nf3 e6 2. c4 f5 3. b3 Nf6 4. e3 b6 5. Bb2 Be7 6. Nc3 Bb7 7. d4 0-0 8. Bd3 Ne4 9. Qc2 Nxc3 10. Bxc3 Bf6 11. 0-0 c5 12. dxc5 bxc5 13. Bxf6 Qxf6 14. e4 Nc6 15. a3 g5 16. Rad1 g4 17. Nd2 Nd4 18. Qb1 Qh4 19. f3 Rf6 20. g3 Qh3 21. fxg4 Rh6 22. Rf2 fxg4 23. b4 Rf8 24. Rxf8+ Kxf8 25. Rf1+ Kg7 26. Rf2 Bc6 27. bxc5 Rf6 28. Rxf6 Kxf6 29. Qb8 Qh6 30. Qf4+ Qxf4 31. gxf4 e5 32. f5 1/2-1/2

[Event "Moravia-Silesia Region-chT 2223"]
[Site "Czech Republic"]
[Date "2022.10.09"]
[Round "1"]
[White "Tillmann, Stanislav"]
[Black "Olsar, Robin"]
[Result "1/2-1/2"]
[WhiteElo "1955"]
[BlackElo "2013"]
[PlyCount "108"]
[EventDate "2022.10.09"]
[EventType "team-tourn"]
[EventRounds "11"]
[EventCountry "CZE"]
[SourceTitle "EXT 2024"]
[Source "ChessBase"]
[SourceDate "2023.10.10"]
[SourceVersion "1"]
[SourceVersionDate "2023.10.10"]
[SourceQuality "1"]
[WhiteTeam "Ostrava III"]
[BlackTeam "Opava Slezan"]
[WhiteTeamCountry "CZE"]
[BlackTeamCountry "CZE"]

1. e4 c5 2. d4 cxd4 3. c3 d3 4. Bxd3 Nc6 5. Nf3 d6 6. 0-0 g6 7. Bf4 Bg7 8. Re1 Nf6 9. Qd2 0-0 10. h3 Nd7 11. Na3 Nde5 12. Nxe5 Nxe5 13. Bf1 Be6 14. Nb5 a6 15. Nd4 Bd7 16. Bh6 Rc8 17. Bxg7 Kxg7 18. Rad1 b5 19. Qg5 f6 20. Qg3 Qb6 21. f4 Nc6 22. Kh2 Nxd4 23. Rxd4 e5 24. Rd2 Be6 25. Red1 Rfd8 26. b4 Qc7 27. Qh4 Rd7 28. Be2 Rcd8 29. Rc1 exf4 30. Qxf4 d5 31. Qxc7 Rxc7 32. Rcd1 Rcd7 33. Bf3 dxe4 34. Rxd7+ Rxd7 35. Rxd7+ Bxd7 36. Bxe4 Be6 37. a3 Bc8 38. Bd5 f5 39. Kg3 g5 40. c4 bxc4 41. Bxc4 Bb7 42. a4 Kf6 43. a5 Ke5 44. b5 axb5 45. Bxb5 h5 46. a6 Ba8 47. Kf2 h4 48. Be2 Kd6 49. g3 hxg3+ 50. Kxg3 Kc7 51. h4 f4+ 52. Kg4 gxh4 53. Kxh4 f3 54. Bxf3 Bxf3 1/2-1/2

[Event "CZE-ch Betsys Online Blitz"]
[Site "Chess.com INT"]
[Date "2021.04.17"]
[Round "4"]
[White "Olsar, Robin"]
[Black "Krajina, Ales"]
[Result "1/2-1/2"]
[WhiteElo "2095"]
[BlackElo "2155"]
[PlyCount "120"]
[EventDate "2021.04.17"]
[EventType "swiss (blitz)"]
[EventRounds "13"]
[EventCountry "CZE"]
[SourceTitle "CBM 201 Extra"]
[Source "ChessBase"]
[SourceDate "2021.05.31"]
[SourceVersion "1"]
[SourceVersionDate "2021.05.31"]
[SourceQuality "1"]

1. Nf3 Nc6 2. e4 e5 3. Bb5 Nd4 4. Nxd4 exd4 5. 0-0 Bc5 6. d3 Ne7 7. Ba4 c6 8. Bb3 0-0 9. Nd2 d5 10. exd5 cxd5 11. Nf3 h6 12. Bf4 Ng6 13. Bg3 Qf6 14. Re1 Be6 15. Qd2 a5 16. a3 b6 17. Ne5 Rad8 18. Nxg6 Qxg6 19. Re2 Be7 20. Rae1 Bg5 21. Bf4 Bf6 22. Be5 Bg5 23. Bf4 Bf6 24. Be5 Bg4 25. Bxf6 Qxf6 26. f3 Be6 27. Re5 Qg6 28. Qf2 h5 29. Qxd4 Rd6 30. Qf4 Rfd8 31. Qg3 Qh6 32. h4 b5 33. c3 d4 34. Bxe6 Rxe6 35. Rxe6 fxe6 36. cxd4 Rxd4 37. Qg5 Qxg5 38. hxg5 Kf7 39. Re5 b4 40. Rxa5 Rxd3 41. axb4 Rb3 42. b5 Rxb2 43. Kh2 Kg6 44. Ra7 Rxb5 45. Re7 Rxg5 46. Rxe6+ Kh7 47. Re4 Rb5 48. Kh3 Kh6 49. Kh2 g6 50. Kh3 Rb1 51. g3 Rb2 52. f4 Rb3 53. Re5 Kg7 54. Rd5 Kf6 55. Rg5 Rb1 56. Re5 Rh1+ 57. Kg2 Ra1 58. Kh3 Rh1+ 59. Kg2 Ra1 60. Kh3 Rh1+ 1/2-1/2

[Event "CZE-chT1E 1617"]
[Site "Czech Republic"]
[Date "2017.03.05"]
[Round "9.5"]
[White "Olsar, Robin"]
[Black "Karasek, Lukas"]
[Result "0-1"]
[WhiteElo "2057"]
[BlackElo "2206"]
[PlyCount "68"]
[EventDate "2016.10.16"]
[EventType "team-tourn"]
[EventRounds "11"]
[EventCountry "CZE"]
[SourceTitle "CBM 177 Extra"]
[Source "ChessBase"]
[SourceDate "2017.04.27"]
[SourceVersion "1"]
[SourceVersionDate "2017.04.27"]
[SourceQuality "1"]
[WhiteTeam "Opava KVS"]
[BlackTeam "Jihlava Gordic"]
[WhiteTeamCountry "CZE"]
[BlackTeamCountry "CZE"]

1. e4 c5 2. Nf3 d6 3. d4 cxd4 4. Nxd4 Nf6 5. Nc3 a6 6. Be2 e6 7. 0-0 Be7 8. a4 Nc6 9. Kh1 0-0 10. f4 Qc7 11. Be3 Re8 12. Bf3 Bd7 13. Nb3 b6 14. g4 Bc8 15. g5 Nd7 16. Bg2 Bb7 17. Qh5 g6 18. Qh3 Nb4 19. Rf2 Bf8 20. Raf1 Bg7 21. Bd4 e5 22. fxe5 Nxe5 23. Nd5 Nxd5 24. exd5 Re7 25. c3 Rae8 26. Nd2 Bc8 27. Qg3 Ng4 28. Rf4 Bxd4 29. Rxd4 Ne3 30. Re4 Rxe4 31. Nxe4 Rxe4 32. Bxe4 Nxf1 33. Qf2 Qe7 34. Bg2 Ne3 0-1

[Event "CZE-chT1E 1617"]
[Site "Czech Republic"]
[Date "2017.01.08"]
[Round "5.3"]
[White "Kracik, Tomas"]
[Black "Olsar, Robin"]
[Result "1-0"]
[WhiteElo "2209"]
[BlackElo "2057"]
[PlyCount "75"]
[EventDate "2016.10.16"]
[EventType "team-tourn"]
[EventRounds "11"]
[EventCountry "CZE"]
[SourceTitle "CBM 177 Extra"]
[Source "ChessBase"]
[SourceDate "2017.04.27"]
[SourceVersion "1"]
[SourceVersionDate "2017.04.27"]
[SourceQuality "1"]
[WhiteTeam "Region Panda"]
[BlackTeam "Opava KVS"]
[WhiteTeamCountry "CZE"]
[BlackTeamCountry "CZE"]

1. e4 c5 2. Nf3 d6 3. c3 Nf6 4. g3 Nc6 5. d3 g6 6. Bg2 Bg7 7. 0-0 0-0 8. h3 c4 9. Be3 cxd3 10. Qxd3 Nd7 11. Nbd2 Nde5 12. Nxe5 dxe5 13. Qxd8 Rxd8 14. Rfd1 Be6 15. Nb3 b6 16. g4 h6 17. Bf1 Rd6 18. Rd2 Rad8 19. Rad1 Kf8 20. Bb5 Nb8 21. f3 f6 22. Kf2 Kf7 23. Ke1 h5 24. Nc1 f5 25. Be2 hxg4 26. hxg4 f4 27. Bf2 Bf6 28. a4 Nc6 29. b4 Bg5 30. Bb5 Nb8 31. a5 bxa5 32. bxa5 a6 33. Bf1 R8d7 34. Nd3 Kf6 35. Nc5 Rc7 36. Rxd6 exd6 37. Rxd6 Re7 38. Bc4 1-0

[Event "Stare Mesto op"]
[Site "Stare Mesto"]
[Date "2009.08.18"]
[Round "6"]
[White "Olsar, Robin"]
[Black "Novotny, Michal"]
[Result "0-1"]
[WhiteElo "2026"]
[BlackElo "2300"]
[PlyCount "116"]
[EventDate "2009.08.14"]
[EventType "swiss"]
[EventRounds "10"]
[EventCountry "CZE"]
[SourceTitle "CBM 131 Extra"]
[Source "ChessBase"]
[SourceDate "2009.09.03"]
[SourceVersion "2"]
[SourceVersionDate "2009.09.16"]
[SourceQuality "1"]

1. e4 g6 2. d4 Bg7 3. Nc3 c6 4. Nf3 d5 5. h3 dxe4 6. Nxe4 Nf6 7. Nxf6+ exf6 8. Bd3 0-0 9. 0-0 Qc7 10. c3 Be6 11. Re1 Nd7 12. Be3 Nb6 13. Qc2 Nd5 14. Bd2 Rfe8 15. c4 Nf4 16. Bxf4 Qxf4 17. Re4 Qd6 18. Rd1 Red8 19. Ree1 Qf4 20. Re4 Qc7 21. Ree1 Rd7 22. Bf1 Rad8 23. Qc1 Qb6 24. b3 a5 25. d5 cxd5 26. c5 Qc7 27. Nd4 Re7 28. Qa3 Ra8 29. b4 Bf8 30. b5 Bd7 31. Rxe7 Bxe7 32. Rc1 a4 33. Qf3 Qe5 34. c6 Bc8 35. Qc3 Bd6 36. g3 b6 37. Re1 Qh5 38. Re8+ Kg7 39. h4 Bc5 40. Be2 Qh6 41. Bg4 Bxg4 42. Rxa8 Qh5 43. c7 Qe5 44. Rxa4 Qxc7 45. Nc6 Be2 46. Rf4 Qd6 47. a4 h6 48. Nd4 Bc4 49. Nf3 Qe7 50. Nd4 Bd6 51. Rf3 Be5 52. Qe3 Qb4 53. Nc6 Qxa4 54. Nxe5 Qa1+ 55. Kg2 Qxe5 56. Qxb6 d4 57. Qd8 Bd5 58. b6 Qf5 0-1

[Event "Stare Mesto op"]
[Site "Stare Mesto"]
[Date "2009.08.16"]
[Round "3"]
[White "Kuchynka, Lukas"]
[Black "Olsar, Robin"]
[Result "1-0"]
[WhiteElo "2307"]
[BlackElo "2026"]
[PlyCount "77"]
[EventDate "2009.08.14"]
[EventType "swiss"]
[EventRounds "10"]
[EventCountry "CZE"]
[SourceTitle "CBM 131 Extra"]
[Source "ChessBase"]
[SourceDate "2009.09.03"]
[SourceVersion "2"]
[SourceVersionDate "2009.09.16"]
[SourceQuality "1"]

1. e4 c5 2. Nf3 d6 3. d4 cxd4 4. Nxd4 Nf6 5. Nc3 g6 6. Be3 Bg7 7. f3 Nc6 8. Bc4 0-0 9. Qd2 Bd7 10. 0-0-0 Ne5 11. Bb3 Rc8 12. Kb1 Nc4 13. Bxc4 Rxc4 14. g4 b5 15. b3 b4 16. bxc4 bxc3 17. Qxc3 Qc7 18. g5 Nh5 19. Qd3 Rb8+ 20. Kc1 Qa5 21. Nb3 Qxa2 22. Kd2 Qa3 23. Ke2 Be5 24. Nc5 Qxc5 25. Bxc5 Nf4+ 26. Ke3 Nxd3 27. Rxd3 Be6 28. Bxa7 Rb7 29. Bd4 Bxc4 30. Rc3 Bxd4+ 31. Kxd4 Be6 32. Ra1 Rb4+ 33. Kd3 d5 34. Rc7 dxe4+ 35. fxe4 Rb5 36. h4 h6 37. gxh6 Rh5 38. Rxe7 Rxh4 39. Raa7 1-0

[Event "Moravia-Silesia Region-chT 0708"]
[Site "Czech Republic"]
[Date "2008.03.30"]
[Round "10.5"]
[White "Olsar, Robin"]
[Black "Sindler, Michal"]
[Result "0-1"]
[WhiteElo "1998"]
[BlackElo "2148"]
[PlyCount "54"]
[EventDate "2007.10.28"]
[EventType "team-tourn"]
[EventRounds "11"]
[EventCountry "CZE"]
[SourceTitle "EXT 2024"]
[Source "ChessBase"]
[SourceDate "2023.10.10"]
[SourceVersion "1"]
[SourceVersionDate "2023.10.10"]
[SourceQuality "1"]

1. e4 c5 2. Nf3 Nc6 3. d4 cxd4 4. Nxd4 Nf6 5. Nc3 d6 6. Be2 e5 7. Nf3 h6 8. 0-0 Be6 9. b3 Be7 10. Bb2 0-0 11. Re1 Qa5 12. Nd2 Nd4 13. Bc4 Rac8 14. Bxe6 fxe6 15. Nc4 Qd8 16. Ne3 Qe8 17. Qd3 Qg6 18. Kh1 Nh5 19. Ncd1 Nf4 20. Qf1 Qxe4 21. Bxd4 exd4 22. f3 Qg6 23. Nc4 b5 24. Na3 a6 25. g3 Nh5 26. Qh3 d5 27. Rxe6 Qf7 0-1

[Event "Moravia-Silesia Region-chT 0708"]
[Site "Czech Republic"]
[Date "2008.02.10"]
[Round "7.6"]
[White "Olsar, Robin"]
[Black "Walowicz, David"]
[Result "1-0"]
[WhiteElo "1998"]
[BlackElo "2090"]
[PlyCount "85"]
[EventDate "2007.10.28"]
[EventType "team-tourn"]
[EventRounds "11"]
[EventCountry "CZE"]
[SourceTitle "EXT 2024"]
[Source "ChessBase"]
[SourceDate "2023.10.10"]
[SourceVersion "1"]
[SourceVersionDate "2023.10.10"]
[SourceQuality "1"]

1. d4 Nf6 2. Nf3 g6 3. c4 Bg7 4. Nc3 0-0 5. e4 d6 6. Be2 e5 7. d5 Nbd7 8. Bg5 h6 9. Bh4 a5 10. 0-0 g5 11. Bg3 Nc5 12. Nd2 Qe7 13. b3 Bd7 14. a3 b6 15. Qc2 Bg4 16. Bxg4 Nxg4 17. b4 Nd7 18. Qd3 h5 19. f3 Nh6 20. Bf2 Kh8 21. Nb5 Nf6 22. c5 bxc5 23. bxc5 Ne8 24. a4 f5 25. Rac1 f4 26. cxd6 cxd6 27. Rc6 g4 28. Rfc1 g3 29. hxg3 fxg3 30. Bxg3 Qg5 31. Nf1 h4 32. Bh2 Rg8 33. Qe3 Qg6 34. R1c2 Nf7 35. Kh1 Bh6 36. Qf2 Bg5 37. Ne3 Ng7 38. Ng4 Qh5 39. Nxd6 Nxd6 40. Rxd6 Rab8 41. Bxe5 Rb1+ 42. Kh2 Qf7 43. Qxh4+ 1-0

[Event "CZE-chT2f 0607"]
[Site "Czech Republic"]
[Date "2007.04.15"]
[Round "11.5"]
[White "Jankovec, Ivan"]
[Black "Olsar, Robin"]
[Result "1-0"]
[WhiteElo "2197"]
[BlackElo "2058"]
[PlyCount "101"]
[EventDate "2006.10.14"]
[EventType "team"]
[EventRounds "11"]
[EventCountry "CZE"]
[SourceTitle "EXT 2009"]
[Source "ChessBase"]
[SourceDate "2008.11.26"]
[SourceVersion "1"]
[SourceVersionDate "2008.11.26"]
[SourceQuality "1"]

1. d4 f5 2. g3 Nf6 3. Bg2 g6 4. Nf3 Bg7 5. 0-0 0-0 6. c3 d5 7. Ne5 c6 8. Bf4 Qb6 9. Qb3 Be6 10. Nd2 Nbd7 11. Ndf3 Ne4 12. Rfd1 Bf6 13. Nxd7 Bxd7 14. Ne5 Be6 15. Nd3 g5 16. Be3 Kg7 17. f3 Nd6 18. Nc5 Bc8 19. Bf2 Qxb3 20. axb3 e5 21. dxe5 Bxe5 22. Nd3 Bf6 23. Bxa7 Re8 24. Bc5 Rxa1 25. Rxa1 Nb5 26. e3 Nc7 27. Bd4 Ne6 28. Kf2 Nxd4 29. exd4 Kf7 30. f4 h6 31. Ra8 Be7 32. b4 Bd6 33. b5 Ke6 34. bxc6 bxc6 35. b4 Bd7 36. Nc5+ Bxc5 37. Rxe8+ Bxe8 38. dxc5 Bd7 39. Ke3 Bc8 40. Bf1 Bb7 41. Kd4 Kf6 42. c4 dxc4 43. Bxc4 h5 44. h4 gxf4 45. gxf4 Bc8 46. Be2 Bd7 47. Bxh5 Ke6 48. Bf3 Be8 49. h5 Kf6 50. h6 Kg6 51. Bh5+ 1-0

[Event "CZE-chT2f 0607"]
[Site "Czech Republic"]
[Date "2006.12.03"]
[Round "4.7"]
[White "Macicek, Jan1111"]
[Black "Olsar, Robin"]
[Result "0-1"]
[WhiteElo "2009"]
[BlackElo "2058"]
[PlyCount "96"]
[EventDate "2006.10.14"]
[EventType "team"]
[EventRounds "11"]
[EventCountry "CZE"]
[SourceTitle "EXT 2009"]
[Source "ChessBase"]
[SourceDate "2008.11.26"]
[SourceVersion "1"]
[SourceVersionDate "2008.11.26"]
[SourceQuality "1"]

1. e4 c5 2. b4 cxb4 3. a3 d5 4. e5 Nc6 5. d4 Bf5 6. Be3 e6 7. Bd3 Bxd3 8. Qxd3 Qa5 9. Ne2 Nge7 10. f4 h5 11. Nd2 Nf5 12. 0-0 bxa3 13. c3 Rc8 14. Ng3 Nce7 15. Rfc1 h4 16. Nxf5 Nxf5 17. c4 Qa6 18. Bf2 Bb4 19. g4 hxg3 20. hxg3 Kd7 21. Rab1 Bxd2 22. Qxd2 a2 23. Ra1 Rxc4 24. Rxc4 Qxc4 25. Rxa2 Rc8 26. Rxa7 Qc1+ 27. Qxc1 Rxc1+ 28. Kg2 Rb1 29. g4 Ne7 30. Bh4 Nc6 31. Ra8 Nxd4 32. Rg8 Rb2+ 33. Bf2 Ke7 34. Rc8 g5 35. fxg5 Nc6 36. Rc7+ Kf8 37. Kf1 Nxe5 38. Bd4 Rb1+ 39. Kg2 Nc6 40. Bf6 Ke8 41. Rc8+ Kd7 42. Rf8 d4 43. Rxf7+ Ke8 44. g6 d3 45. Rh7 d2 46. g7 Rg1+ 47. Kh3 Rxg4 48. Rh8+ Kd7 0-1

[Event "CZE-chT2f 0506"]
[Site "Czech Republic"]
[Date "2006.03.26"]
[Round "10.7"]
[White "Kaminsky, Rudolf"]
[Black "Olsar, Robin"]
[Result "1/2-1/2"]
[WhiteElo "2149"]
[BlackElo "2017"]
[PlyCount "25"]
[EventDate "2005.10.16"]
[EventType "team"]
[EventRounds "11"]
[EventCountry "CZE"]
[SourceTitle "EXT 2009"]
[Source "ChessBase"]
[SourceDate "2008.11.26"]
[SourceVersion "1"]
[SourceVersionDate "2008.11.26"]
[SourceQuality "1"]

1. d4 Nf6 2. Nf3 g6 3. b3 d5 4. e3 Bg4 5. Be2 Bg7 6. Nbd2 0-0 7. Bb2 Nbd7 8. h3 Bxf3 9. Bxf3 c5 10. 0-0 Re8 11. c4 e5 12. dxe5 Nxe5 13. Bxe5 1/2-1/2

[Event "CZE-chT2f 0506"]
[Site "Czech Republic"]
[Date "2005.12.18"]
[Round "5.6"]
[White "Olsar, Robin"]
[Black "Rucka, Alois"]
[Result "1-0"]
[WhiteElo "2017"]
[BlackElo "1936"]
[PlyCount "57"]
[EventDate "2005.10.16"]
[EventType "team"]
[EventRounds "11"]
[EventCountry "CZE"]
[SourceTitle "EXT 2009"]
[Source "ChessBase"]
[SourceDate "2008.11.26"]
[SourceVersion "1"]
[SourceVersionDate "2008.11.26"]
[SourceQuality "1"]

1. e4 c5 2. d4 cxd4 3. c3 dxc3 4. Nxc3 d6 5. Bc4 Nc6 6. Nf3 Nf6 7. e5 Nxe5 8. Nxe5 dxe5 9. Bxf7+ Kxf7 10. Qxd8 Rg8 11. 0-0 e6 12. Qc7+ Be7 13. Qxe5 Bd7 14. Be3 Bc6 15. Rad1 Rge8 16. Bc5 Bd8 17. Rd2 Rc8 18. Rfd1 Bc7 19. Bd6 Bb6 20. Rd3 Bxf2+ 21. Kh1 Bb6 22. Rf1 Bd8 23. Rh3 Kg8 24. Rg3 Kh8 25. Qg5 Rg8 26. Be5 Be7 27. Rh3 Rcf8 28. Rf4 h6 29. Rxh6+ 1-0